000
00321nam a2200109Ia 4500
008
171211s9999 xx 000 0 und d
245
_a
Writing Analytically, 7th edition
245
_c
David Rosenwasser and Jill Stephen
260
_c
2014
650
_x
LANGUAGES
856
_u
http://down.ebook777.com/025/9781285436500.pdf
999
_c
349741
_d
349741